11 titular del Madrid en la final champions 2018 - Estadísticas

Estadísticas generales
  • Esta prueba ha sido intentada 135 veces
  • La puntuación promedio es 10 de 11
Estadísticas de respuestas
Hint Respuesta % Correcto
MED Modric
100%
DEL Benzema
99%
MED Kroos
98%
DEF Carvajal
96%
DEF Marcelo
95%
DEF Ramos
95%
MED Casemiro
92%
POR Navas
91%
DEF Varane
90%
DEL Ronaldo
88%
DEL Isco
79%
No se encontraron pruebas coincidentes
Distribución de puntuación
Porcentaje de gente con cada puntuación
Porcentaje por número respondido
Historial de tus puntuaciones
No has intentado esta prueba.